[Event "IECG CF.2002.0.00039 email"]
[Site "IECG email"]
[Date "2002.12.05"]
[Round "?"]
[White "Hughes, Peter James"]
[Black "Dobritsa, Dmitry"]
[Result "0-1"]
[WhiteElo "1190"]
[BlackElo "1000"]
[PlyCount "66"]
[EventDate "2002.12.05"]
[EventType "tourn (corr)"]
[EventRounds "6"]
[SourceTitle "Corr 2008"]
[Source "ChessBase"]
[SourceDate "2008.06.24"]
[SourceVersion "1"]
[SourceVersionDate "2008.06.24"]
[SourceQuality "1"]

1. e4 c5 2. Nf3 Nc6 3. d4 cxd4 4. Nxd4 Nf6 5. Nc3 e5 6. Ndb5 d6 7. Bg5 a6 8. Bxf6 gxf6 9. Na3 b5 10. Nd5 f5 11. exf5 Bxf5 12. c3 Bg7 13. Nc2 Be6 14. Be2 0-0 15. 0-0 f5 16. Ncb4 Nxb4 17. cxb4 e4 18. Qd2 Bxb2 19. Qxb2 Bxd5 20. Qd2 Bb7 21. Rac1 d5 22. Qd4 Rc8 23. Bh5 Rc4 24. Qe3 f4 25. Qb3 Qh4 26. Qh3 Qxh3 27. gxh3 d4 28. f3 e3 29. Bg4 Rxc1 30. Rxc1 d3 31. Kf1 Rd8 32. Be6+ Kh8 33. Bb3 d2 0-1

[Event "IECG CF.2002.0.00023 email"]
[Site "IECG email"]
[Date "2002.04.12"]
[Round "?"]
[White "Dobritsa, Dmitry"]
[Black "Chester, Ian"]
[Result "1-0"]
[WhiteElo "1000"]
[BlackElo "1083"]
[PlyCount "73"]
[EventDate "2002.04.12"]
[EventType "tourn (corr)"]
[EventRounds "6"]
[SourceTitle "Corr 2008"]
[Source "ChessBase"]
[SourceDate "2008.06.24"]
[SourceVersion "1"]
[SourceVersionDate "2008.06.24"]
[SourceQuality "1"]

1. d4 Nf6 2. c4 g6 3. Nc3 d5 4. cxd5 Nxd5 5. e4 Nxc3 6. bxc3 Bg7 7. Nf3 c5 8. Be3 0-0 9. Be2 Nc6 10. 0-0 Bg4 11. d5 Ne5 12. Bxc5 Nxf3+ 13. Bxf3 Bxf3 14. Qxf3 Rc8 15. Bxa7 Bxc3 16. Rab1 Qd7 17. Rfc1 Be5 18. Qb3 Rxc1+ 19. Rxc1 Ra8 20. Be3 Rb8 21. f4 Bg7 22. a4 Rc8 23. Rc4 Rxc4 24. Qxc4 h5 25. h3 Kh7 26. e5 f5 27. a5 Qd8 28. Bb6 Qg8 29. Qb5 Qc8 30. Qc5 Qxc5+ 31. Bxc5 Bf8 32. d6 exd6 33. exd6 Kg8 34. Kf1 Bxd6 35. Bxd6 Kf7 36. Kf2 h4 37. Ke3 1-0